|
|
|
|
| LEADER |
00949cam a2200265 7i4500 |
| 001 |
0000068828 |
| 005 |
20220601090000.0 |
| 020 |
|
|
|a 9783030478179 (electronic book)
|
| 020 |
|
|
|a 9783030478162
|
| 090 |
0 |
0 |
|a RC552.T7
|b S63 2021
|
| 245 |
0 |
0 |
|a Social trauma - an interdisciplinary textbook
|c Andreas Hamburger, Camellia Hancheva, Vam?k D. Volkan, editors.
|
| 264 |
|
|
|a Cham:
|b Springer,
|c 2021.
|
| 300 |
|
|
|a 1 online resource (381 pages):
|b text file, PDF.
|
| 336 |
|
|
|a text
|2 rdacontent
|
| 337 |
|
|
|a computer
|2 rdamedia
|
| 338 |
|
|
|a online resource
|2 rdacarrier
|
| 650 |
0 |
0 |
|a Psychic trauma --
|x Social aspects
|
| 650 |
0 |
0 |
|a Psychic trauma --
|x Treatment
|
| 655 |
0 |
0 |
|a Electronic books
|
| 700 |
1 |
|
|a Hamburger, Andreas
|
| 700 |
0 |
|
|a Hancheva, Camellia
|
| 700 |
1 |
|
|a Volkan, Vamik D.
|
| 856 |
4 |
2 |
|u http://library.unisel.edu.my/web/guest/mylibrary
|
| 997 |
|
|
|a Health Sciences, Faculty
|
| 999 |
|
|
|a EBO0012830
|b EBOOK
|c EBOOK
|e Electronic resources
|